|
|
|
|
| LEADER |
00000cam a2200000 a 4500 |
| 001 |
vtls001290898 |
| 003 |
SK-MaSNL |
| 005 |
20260301234956.0 |
| 008 |
250414s1997 xo aa fr 10000 slo |
| 015 |
|
|
|a SNBA1997/1003006
|
| 020 |
|
|
|a 8070992808
|
| 035 |
|
|
|a SNK000242557
|
| 035 |
|
|
|a urn:nbn:sk:snk-amjr80
|
| 035 |
|
|
|a urn:nbn:sk:snk:ar-a0csva
|
| 035 |
|
|
|a 209e8196-1b19-4c31-9ea9-c49eac4545ab
|
| 040 |
|
|
|a SNK
|b slo
|c SNK
|e AACR2
|
| 041 |
0 |
|
|a slo
|
| 044 |
|
|
|a xo
|c SK
|
| 080 |
|
|
|a 669:504(082)=854=20\
|2 1981
|
| 245 |
0 |
0 |
|a Metallurgy, refractories and environment
|b international conference
|c [spracoval: Tomáš Havlík]
|
| 260 |
|
|
|a V Košiciach
|b Ústav metalurgie a materiálov HF TU
|c 1997
|
| 300 |
|
|
|a 186 s.
|b fotogr., grafy, sch., tab.
|c 21 cm
|
| 500 |
|
|
|a Čiast. text čes. a slov.
|
| 500 |
|
|
|a Údaj o sprac. prevzatý z rubu tit. strany
|
| 500 |
|
|
|a 80 výt.
|
| 504 |
|
|
|a Bibliogr. odkazy. Index aut. cit. prác a prezentovaných prác
|
| 650 |
0 |
7 |
|a metalurgia
|x zborníky
|x prostredie životné
|2 SNK
|9 631647
|
| 655 |
|
7 |
|a zborníky konferencií
|2 SNKPH
|9 70153
|
| 655 |
|
7 |
|a issue_zb
|2 SNK
|9 276493
|
| 700 |
1 |
|
|a Havlík, Tomáš,
|d 1953-
|4 com
|9 131547
|
| 752 |
|
|
|a Košice
|
| 852 |
|
|
|a Slovenská národná knižnica
|
| 919 |
|
|
|a 80-7099-280-8
|
| 954 |
|
|
|a odborná, vedecká literatúra pôvodná (slovenská)
|2 lita
|
| 954 |
|
|
|a odborná, vedecká literatúra cudzojazyčná (svetová)
|2 lita
|
| 958 |
|
|
|a ART
|
| 958 |
|
|
|a TL
|
| 958 |
|
|
|a NB
|
| 958 |
|
|
|a OND
|
| 958 |
|
|
|a EUIPO
|
| 999 |
|
|
|c 972732
|d 974662
|
| 952 |
|
|
|t P60, <03>, [BOOK], {603}
|a SNK
|b SNK
|y PREZ
|7 0
|p 17A0072442
|o snkSC 93413
|i snkKSP 6343/97
|0 0
|1 0
|4 0
|d 1997-06-19
|l 0
|r 2025-09-11 00:00:00
|w 2026-02-24
|
| 952 |
|
|
|t P60, <04>, [BOOK], {604}
|a SNK
|b SNK
|y VYP
|7 0
|p 17A0072441
|o snkSC 93413 D1
|i snkKSP 6344/97
|0 0
|1 0
|4 0
|d 1997-06-19
|l 0
|r 2005-01-02 00:00:00
|w 2026-02-24
|
| 952 |
|
|
|t P60, <09>, [BOOK], {629}
|a SNK
|b SNK
|y NEVYP
|7 0
|o snkC 1478
|i snk2846/970620
|0 0
|1 0
|4 0
|d 1997-06-19
|l 0
|r 2005-01-02 00:00:00
|w 2026-02-24
|